000 00636nab a2200217 a 4500
005 20210219160350.0
008 991125s1985 mx 000 0 spa u
035 _aUPN01000163975
100 1 _aSantos Gutiérrez, Sinesio C
222 _aPERFILES EDUCATIVOS
245 _aRevolución cubana y educación superior
260 _aMéxico
300 _a85-112
362 0 _a2007 3a época, vol. 29, no. 116
653 0 _aEDUCACION SUPERIOR
653 0 _aPOLITICA PUBLICA
653 0 _aDESARROLLO CIENTIFICO Y TECNOLOGICO
653 0 _aDESARROLLO ECONOMICO
700 1 _aLópez Segrera, Francisco, coaut.
905 _aArticulo
999 _c136088
_d136088